00375nam a2200109Ia 4500082001200000100001700012245010800029260003500137300002100172650004900193710002300242 aTL.0038 aLeela Kumari 0aDevelopment of women's education in Uttar Pradesh since independence with special reference to Varanasi c1984bBanaras Hindu University a288p. + C D - 44 aWOMEN - EDUCATION - UTTAR PRADESH - VARANASI aVarshney, Sarojini